000
00275nam a2200097Ia 4500
082
_a
381|swan
245
0
_a
Fundamentals of e-marketing
100
_a
SWANEPOEL, Japie Cape Town, South Africa, 2013 2nd ed
942
_c
BK
008
210817s9999 xx 000 0 und d
999
_c
190500
_d
190499